Geography Quiz

Random Geography or State Quiz
Score 0/109 Timer 14:00
0 Plays Today
State Station % Correct
MABoston-South Station
97.3%
NJNewark-Penn Station
95.6%
DENewark
95.6%
RIProvidence
92.9%
NYNew York-Penn Station
92%
NJTrenton
92%
PAPhiladelphia-30th Street
92%
CTNew Haven-State Street
91.2%
CTNew Haven-Union Station
91.2%
DCWashington-Union Station
88.5%
DEWilmington
85.8%
MDBaltimore-Penn Station
85%
CTNew London
80.5%
CTBridgeport
79.6%
CTStamford
77.9%
MABack Bay
74.3%
NYNew Rochelle
74.3%
MARoute 128
72.6%
NJNewark Liberty International Airport
72.6%
MDBWI Rail Station
72.6%
NJMetropark
70.8%
NJElizabeth
69.9%
NJNew Brunswick
69%
NJPrinceton Junction
68.1%
CTMystic
67.3%
MDAberdeen
66.4%
NJSecaucus Junction
64.6%
CTOld Saybrook
63.7%
MDNew Carrollton
63.7%
RIKingston
62.8%
PANorth Philadelphia
62.8%
RIWesterly
61.9%
NYRye
59.3%
CTGreenwich
57.5%
RIT.F. Green Airport
54.9%
NJRahway
52.2%
NJNorth Elizabeth
51.3%
State Station % Correct
MDPerryville
51.3%
NJHamilton
50.4%
NJEdison
49.6%
CTWest Haven
48.7%
CTSouth Norwalk
48.7%
MAAttleboro
47.8%
MASharon
46.9%
NJLinden
46.9%
NJMetuchen
46.9%
PACornwells Heights
46.9%
MARuggles
46%
CTCos Cob
45.1%
PAChester
45.1%
CTFairfield
44.2%
NJJersey Avenue
44.2%
MAForest Hills
42.5%
MASouth Attleboro
42.5%
RIWickford Junction
42.5%
CTEast Norwalk
42.5%
CTOld Greenwich
42.5%
NYPort Chester
42.5%
PALevittown
41.6%
CTDarien
40.7%
NYMamaroneck
40.7%
MAHyde Park
39.8%
MAMansfield
39.8%
NYLarchmont
39.8%
MACanton Junction
38.9%
CTStratford
38.9%
NYHarrison
38.9%
PABristol
38.9%
CTMilford
38.1%
CTWestport
38.1%
DEChurchmans Crossing
38.1%
MAReadville
37.2%
PAMarcus Hook
37.2%
CTBranford
36.3%
State Station % Correct
DEClaymont
35.4%
CTGuilford
34.5%
MDWest Baltimore
31.9%
CTFairfield Metro
31%
CTSouthport
31%
PADarby
31%
MDMartin State Airport
31%
CTGreen's Farms
30.1%
PATacony
30.1%
MDBowie State
30.1%
CTMadison
29.2%
CTRowayton
29.2%
CTNoroton Heights
29.2%
PACroydon
29.2%
PATorresdale
29.2%
PAHolmesburg Junction
29.2%
PASharon Hill
29.2%
CTWestbrook
28.3%
CTClinton
28.3%
CTRiverside
28.3%
PANorwood
28.3%
MDHalethorpe
28.3%
MDSeabrook
28.3%
PARidley Park
27.4%
PAEddystone
27.4%
MDOdenton
27.4%
PABridesburg
26.5%
PAFolcroft
26.5%
PAProspect Park
26.5%
PACrum Lynne
26.5%
PAEddington
25.7%
PACurtis Park
25.7%
PAGlenolden
25.7%
MDEdgewood
24.8%
PAHighland Avenue
23.9%
Remove Ads.
Support Sporcle.
Get the best of Sporcle when you Go Orange. This ad-free experience offers more features, more stats, and more fun while also helping to support Sporcle. Thank you for becoming a member.

You're not logged in!

Compare scores with friends on all Sporcle quizzes.
OR
Log In

Sporcle TV

Today on Sporcle TV


Watch our educational content, quiz creation guides, and fun videos on Sporcle TV.

Show Comments

Extras

Top Quizzes Today


Score Distribution

Paid Content

Your Account Isn't Verified!

In order to create a playlist on Sporcle, you need to verify the email address you used during registration. Go to your Sporcle Settings to finish the process.

Report this User

Report this user for behavior that violates our Community Guidelines.

Details: